000 00649nam a22002057a 4500
003 OSt
005 20260313004157.0
008 260313b |||||||| |||| 00| 0 eng d
020 _a971-513-208-1.
040 _aDWCL Main lib
_cOC
082 _21st ed.
_aFil. 371.4 D326c 2006
100 _aDe Jesus, Evangeline M.
245 _aCounseling psychology :
_btheory and practice
_cEvangeline M. De Jesus
250 _a1st ed.
260 _aManila :
_bEducational Publishing House,
_cc2006.
300 _axii, 448 p. ;
_c22 cm.
504 _aIncludes bibliographical references.
650 _aCounseling.
942 _2ddc
_cBK - FIL
_e1st ed.
_kFil.
_n0
999 _c9065
_d9065